Qustantiniya ya Istanbul (Record no. 614322)
[ view plain ]
| 000 -LEADER | |
|---|---|
| fixed length control field | 00804nam a22001817a 4500 |
| 082 ## - DEWEY DECIMAL CLASSIFICATION NUMBER | |
| Classification number | 949.61 |
| Author Mark | MEH |
| 100 ## - MAIN ENTRY--PERSONAL NAME | |
| Personal name | Maulana Ghulam Rasool Mehr |
| 245 ## - TITLE STATEMENT | |
| Title | Qustantiniya ya Istanbul |
| Statement of responsibility, etc. | Mehr, Maulana Ghulam Rasool |
| 260 ## - PUBLICATION, DISTRIBUTION, ETC. | |
| Place of publication, distribution, etc. | Lahore: |
| Name of publisher, distributor, etc. | Sheikh Ghulam Ali & Sons (Private) Limited Publishers, |
| Date of publication, distribution, etc. | 2016. |
| 300 ## - PHYSICAL DESCRIPTION | |
| Extent | 284 p. |
| Dimensions | 22cm. |
| 563 ## - BINDING INFORMATION | |
| Binding note | HB. |
| 650 ## - SUBJECT ADDED ENTRY--TOPICAL TERM | |
| Topical term or geographic name entry element | Urdu Literature - Istanbul - History. |
| 700 ## - ADDED ENTRY--PERSONAL NAME | |
| Personal name | تصنیف: ہیر لڈلیم / Harold Lamb |
| 880 ## - ALTERNATE GRAPHIC REPRESENTATION | |
| Linkage | 100-01\(3\r |
| Title | ترجمہ بہ تلخیص و اضافہ مولانہ غلام رسول مہر |
| 880 ## - ALTERNATE GRAPHIC REPRESENTATION | |
| Linkage | 245-02\(03\r |
| Title | قسطنطنیہ یا استنبول |
| 880 ## - ALTERNATE GRAPHIC REPRESENTATION | |
| Linkage | 260-03\(03\r |
| Title | لاہور |
| b | شیخ غلام علی اینڈ سنز (پرائیویٹ) لمیٹیڈ پبلیشرز |
| 942 ## - ADDED ENTRY ELEMENTS (KOHA) | |
| Source of classification or shelving scheme | |
| Koha item type | Book |
| 650 ## - SUBJECT ADDED ENTRY--TOPICAL TERM | |
| -- | 129785 |
| 700 ## - ADDED ENTRY--PERSONAL NAME | |
| -- | 129786 |
| Withdrawn status | Lost status | Source of classification or shelving scheme | Damaged status | Not for loan | Permanent Location | Current Location | Shelving location | Date acquired | Source of acquisition | Total Checkouts | Total Renewals | Full call number | Barcode | Date last seen | Date last checked out | Price effective from | Koha item type |
|---|---|---|---|---|---|---|---|---|---|---|---|---|---|---|---|---|---|
| Central Library (CL) | Central Library (CL) | Urdu Literature | 07/13/2025 | Donation | 1 | 2 | 949.61 MEH | CL-D-2821 | 12/02/2025 | 09/14/2025 | 07/13/2025 | Book |
